Fruits - Shifted over one key - Statistics

General Stats
  • This quiz has been taken 7 times
  • The average score is 15 of 20
Answer Stats
Hint Answer % Correct
VTSMNRTTU Cranberry
100%
PTSMHR Orange
86%
S[[;R Apple
71%
NSMSMS Banana
71%
N;SVLNRTTU Blackberry
71%
N;IRNRTTU Blueberry
71%
VSMYR;P[R Cantelope
71%
VJRTTU Cherry
71%
GOH Fig
71%
HTS[R Grape
71%
HTS[RGTIOY Grapefruit
71%
LOEO Kiwi
71%
;R,PN Lemon
71%
;O,R Lime
71%
,R;PM Melon
71%
[S[SUS Papaya
71%
[RSVJ Peach
71%
[RST Pear
71%
[OMRS[[LR Pineapple
71%
DYTSENRTTU Strawberry
71%
No matching quizzes found
Score Distribution
Percent of People with Each Score
Percentile by Number Answered
Your Score History
You have not taken this quiz